000 01006nam a2200205Ia 4500
003 Ost
005 20260507075118.0
008 260507s9999||||xx |||||||||||||| ||und||
040 _cfsecg
041 _aara
082 _a355.4306
100 _aعباس، صلاح
_eمؤلف
245 0 _aالإدارة الإستراتيجية للمنظمات في ظل العولمة /
_c صلاح عباس
260 _aالإسكندرية:
_bمؤسسة شباب الجامعة,
_c2005
300 _a159 صفحة؛
_bإيضاحات ؛
_c24 سم
520 _aالعولمة وتطور الإتفاقيات التجارية- العولمة في إدارة المنظمات العالمية- تكوين الإستراتيجية- الإدارة الإستراتيجية- تحديد الفرص التهديدات- التنفيذ للإختيار الإستراتيجي
653 _aالإدارة الإستراتيجية- العولمة
653 _aالإستراتيجية- الإدارة
942 _cكتاب
999 _c43046
_d43046